[Event "Elit(Kungstornet-Manhem)"]
[Site "?"]
[Date "2016.03.18"]
[Round "7"]
[White "von Bahr, Oskar"]
[Black "Moberg, Karl Johan"]
[Result "1-0"]
[WhiteElo "2379"]
[BlackElo "2295"]
[PlyCount "163"]

1. c4 e5 2. g3 Nf6 3. Bg2 c6 4. Nf3 e4 5. Nd4 d5 6. d3 Bc5 7. Nb3 Bb4+ 8. Bd2
Bxd2+ 9. Qxd2 dxc4 10. dxc4 Qxd2+ 11. N1xd2 e3 12. fxe3 Nbd7 13. Na5 Ne5 14. b4
Nfg4 15. Nf1 b6 16. Nxc6 Bb7 17. b5 Bxc6 18. bxc6 Rc8 19. h3 Nf6 20. c5 bxc5
21. Rc1 Nxc6 22. Rxc5 Kd7 23. Nd2 Ne7 24. Ra5 Rc7 25. Kf2 Rb8 26. Nb3 Ke8 27.
Rd1 Nd7 28. Rd4 Rb6 29. Rda4 Rf6+ 30. Rf4 Rb6 31. Rfa4 Rf6+ 32. Kg1 Nc8 33. Bf3
Re6 34. Nd4 Re5 35. Kf2 Rxa5 36. Rxa5 Ndb6 37. h4 Nc4 38. Rh5 h6 39. Rb5 N8d6
40. Rb8+ Rc8 41. Rxc8+ Nxc8 42. Nf5 Kf8 43. Bd5 N4d6 44. e4 Nxf5 45. exf5 Ke7
46. e4 f6 47. Be6 Nb6 48. Ke3 Kd6 49. Kd4 Na8 50. g4 Nc7 51. Bc4 Na8 52. g5
hxg5 53. hxg5 Nb6 54. Be6 Na8 55. g6 Nb6 56. a3 Na4 57. Kc4 Nc5 58. Bd5 Nd7 59.
Kb5 Kc7 60. Ba2 Ne5 61. Kc5 Nd3+ 62. Kd4 Ne5 63. Kd5 Kd7 64. Bb3 Ke7 65. Ba4
Nd3 66. Bb5 Ne5 67. a4 Nf3 68. Kc6 Nd2 69. Bd3 a5 70. Kb6 Nb3 71. Bc4 Nd2 72.
Bd5 Kd6 73. Kxa5 Kc5 74. e5 fxe5 75. f6 gxf6 76. g7 Kxd5 77. g8=Q+ Kd4 78. Qd8+
Ke3 79. Qxf6 e4 80. Kb4 Ke2 81. a5 e3 82. a6 1-0

[Event "Elit(Kungstornet-Manhem)"]
[Site "?"]
[Date "2016.03.18"]
[Round "7"]
[White "Hultin, Johan"]
[Black "Lyrberg, Patrik"]
[Result "1-0"]
[WhiteElo "2319"]
[BlackElo "2477"]
[PlyCount "88"]

1. d4 Nf6 2. c4 e6 3. Nc3 Bb4 4. e3 O-O 5. Nge2 d6 6. a3 Bxc3+ 7. Nxc3 e5 8.
Be2 Re8 9. O-O e4 10. f3 Bf5 11. f4 Qc8 12. h3 h5 13. Kh2 c6 14. Bd2 d5 15.
cxd5 cxd5 16. Bxh5 g6 17. Be2 Kg7 18. g4 Rh8 19. Rg1 Bd7 20. Rg3 Nc6 21. Rc1
Rh4 22. Kg2 Qh8 23. f5 gxf5 24. g5 Rg8 25. gxf6+ Kf8 26. Rxg8+ Qxg8+ 27. Kf2 f4
28. Qg1 Be6 29. Qxg8+ Kxg8 30. Rg1+ Kf8 31. Bg4 f3 32. Kg3 Rh6 33. Nb5 Rxf6 34.
Nc7 Bxg4 35. hxg4 Rd6 36. Rc1 Kg8 37. Be1 Rd7 38. Ne8 Kf8 39. Nf6 Rd6 40. g5
Rd8 41. Rc5 Ne7 42. Kg4 b6 43. Rc7 a5 44. Bg3 Nc8 1-0

[Event "Elit(Kungstornet-Manhem)"]
[Site "?"]
[Date "2016.03.18"]
[Round "7"]
[White "Henriksson, Johan"]
[Black "Welin, Mats"]
[Result "0-1"]
[WhiteElo "2286"]
[BlackElo "2328"]
[PlyCount "46"]

1. d4 Nf6 2. c4 e6 3. g3 d5 4. Nf3 dxc4 5. Bg2 c6 6. O-O b5 7. Nc3 Bb7 8. e4
Be7 9. e5 Nd5 10. Ne4 h6 11. Nh4 Nd7 12. f4 g6 13. g4 Qb6 14. Nf3 c5 15. f5
gxf5 16. gxf5 O-O-O 17. fxe6 fxe6 18. Kh1 cxd4 19. Qxd4 Nc5 20. Nxc5 Bxc5 21.
Qh4 Be3 22. a4 a6 23. axb5 axb5 0-1

[Event "Elit(Kungstornet-Manhem)"]
[Site "?"]
[Date "2016.03.18"]
[Round "7"]
[White "Akesson, Joel"]
[Black "Aronsson, Marten"]
[Result "1/2-1/2"]
[WhiteElo "2293"]
[BlackElo "2295"]
[PlyCount "58"]

1. c4 c5 2. g3 Nc6 3. Bg2 g6 4. Nc3 Bg7 5. Nf3 e5 6. O-O d6 7. a3 a5 8. Ne1 Be6
9. d3 Nge7 10. Nc2 d5 11. cxd5 Nxd5 12. Ne3 Nde7 13. Nc4 O-O 14. Bg5 f6 15. Be3
b6 16. Qa4 Qc7 17. f4 Rab8 18. fxe5 fxe5 19. Bg5 Nd4 20. Rxf8+ Bxf8 21. Re1 Bg7
22. Bxe7 Qxe7 23. Qd1 Qd8 24. a4 Nf5 25. Nb5 Nd4 26. Nbd6 Nf5 27. Nb5 Nd4 28.
Nbd6 Nf5 29. Nb5 Nd4 1/2-1/2

[Event "Elit(Kungstornet-Manhem)"]
[Site "?"]
[Date "2016.03.18"]
[Round "7"]
[White "Andersson, Fredrik"]
[Black "Al Hadarani, Hatim"]
[Result "1-0"]
[WhiteElo "2266"]
[BlackElo "2272"]
[PlyCount "67"]

1. e4 Nc6 2. Nf3 e6 3. d4 d5 4. e5 Be7 5. Bd3 Nb4 6. Be2 c5 7. c3 Nc6 8. O-O
Qb6 9. dxc5 Bxc5 10. b4 Be7 11. Na3 f6 12. c4 Qd8 13. cxd5 exd5 14. Bb5 Bg4 15.
h3 Bh5 16. Re1 Kf8 17. Bxc6 bxc6 18. Nc2 fxe5 19. Rxe5 Bf7 20. Ncd4 Qd7 21. Qa4
Bd6 22. Nxc6 Ne7 23. b5 Kg8 24. Ba3 Bxa3 25. Qxa3 Nxc6 26. bxc6 Qxc6 27. Re7
Qf6 28. Rae1 h6 29. Ne5 Bh5 30. Nd7 Qd4 31. Qg3 Kh7 32. R1e5 Rhg8 33. Nf6+ Kh8
34. Nxh5 1-0

[Event "Elit(Kungstornet-Manhem)"]
[Site "?"]
[Date "2016.03.18"]
[Round "7"]
[White "Outgajjouft, Said"]
[Black "Backlund, Anders"]
[Result "0-1"]
[WhiteElo "2088"]
[BlackElo "2269"]
[PlyCount "46"]

1. e4 e6 2. d4 d5 3. Nc3 Bb4 4. a3 Bxc3+ 5. bxc3 Ne7 6. f3 O-O 7. Be3 c5 8. Qd2
Qa5 9. Bd3 b6 10. c4 Qxd2+ 11. Kxd2 cxd4 12. Bxd4 Nbc6 13. Bf2 dxc4 14. Bxc4
Rd8+ 15. Kc1 Na5 16. Bb5 Bd7 17. a4 Bxb5 18. axb5 Rac8 19. Ne2 Nb3+ 20. Kb2
Nxa1 21. Rxa1 Rd2 22. Rxa7 Rxe2 23. Bxb6 Rcxc2+ 0-1

[Event "Elit(Kungstornet-Manhem)"]
[Site "?"]
[Date "2016.03.18"]
[Round "7"]
[White "Wikner, Arvid"]
[Black "Bengtsson, Jonas"]
[Result "0-1"]
[WhiteElo "2233"]
[BlackElo "2136"]
[PlyCount "104"]

1. e4 c5 2. Nf3 e6 3. d4 cxd4 4. Nxd4 Nf6 5. Nc3 d6 6. Bc4 a6 7. a4 Nc6 8. Be3
Qc7 9. Qe2 Be7 10. f3 O-O 11. O-O Bd7 12. Rfd1 Rac8 13. Nxc6 Bxc6 14. Bb3 Rfe8
15. Qf2 b5 16. axb5 axb5 17. Ra7 Qb8 18. Ra6 Nd7 19. Qg3 b4 20. Na4 Qb5 21. Ra7
Ra8 22. Rxd7 Bxd7 23. Nb6 Ra5 24. Qe1 Rb8 25. Bc4 Qc6 26. Qxb4 Raa8 27. e5 Rb7
28. Bb5 Qxc2 29. Rc1 Qxc1+ 30. Bxc1 Rxb6 31. exd6 Rxb5 32. Qe4 Rc8 33. dxe7
Rxc1+ 34. Kf2 Rc8 35. Qd4 Rd5 36. Qa7 f6 37. b4 Re8 38. Qc7 Kf7 39. h4 Rxe7 40.
Qc2 g6 41. g4 Kg7 42. Qc3 h6 43. Qc7 Rf7 44. Qc3 Bb5 45. Qe3 Re5 46. Qb6 Rd7
47. Kg3 Rf7 48. Qd6 Bc4 49. Qd4 Bd5 50. b5 h5 51. g5 Kh7 52. b6 Rf5 0-1

[Event "Elit(LASK-Rockaden,Sthlm)"]
[Site "?"]
[Date "2016.03.18"]
[Round "7"]
[White "Smith, Axel"]
[Black "Blomqvist, Erik"]
[Result "1/2-1/2"]
[WhiteElo "2491"]
[BlackElo "2492"]
[PlyCount "153"]

1. Nf3 d5 2. e3 Nf6 3. c4 c6 4. Nc3 g6 5. d4 Bg7 6. Be2 O-O 7. O-O dxc4 8. Bxc4
Bg4 9. Be2 Qb6 10. Qc2 Nbd7 11. Rd1 Rfd8 12. e4 Bxf3 13. Bxf3 e5 14. Be3 exd4
15. Bxd4 Qb4 16. Be2 Nc5 17. Bxc5 Qxc5 18. Rxd8+ Rxd8 19. Rd1 Rd4 20. Rxd4 Qxd4
21. Qd3 Nd7 22. Qxd4 Bxd4 23. Bd3 Nb6 24. Nd1 Na4 25. b3 Nc5 26. Bb1 Kf8 27.
Kf1 Ke7 28. Ke2 Kd6 29. Ne3 Ne6 30. g3 Kc5 31. Nc2 a5 32. f4 Bg7 33. Kd3 g5 34.
f5 Nf8 35. Ne3 Nd7 36. Nc4 b5 37. Nxa5 Ne5+ 38. Ke2 Kb4 39. Nb7 Ka3 40. Bc2
Kxa2 41. Bd1 Kb2 42. h4 gxh4 43. gxh4 Bf6 44. h5 Be7 45. f6 Bxf6 46. Nd6 Kc3
47. Nf5 Bg5 48. Nd6 b4 49. Nf5 Nd3 50. Nd6 Nc1+ 51. Kf1 Nxb3 52. e5 Be7 53.
Nxf7 Nd2+ 54. Kg2 b3 55. Bg4 b2 56. Bf5 b1=Q 57. Bxb1 Nxb1 58. Nh6 c5 59. Ng8
Bf8 60. e6 c4 61. e7 Bxe7 62. Nxe7 Kd3 63. Kf3 Nd2+ 64. Kf4 Ne4 65. Nd5 Kd4 66.
Nb4 Nf6 67. Kg5 Ng8 68. Kf5 Kc5 69. Nc2 Kd5 70. Ne3+ Kd4 71. Nxc4 Kxc4 72. Ke6
Nh6 73. Kf6 Kd4 74. Kg7 Ng4 75. Kxh7 Nf6+ 76. Kg6 Nxh5 77. Kxh5 1/2-1/2

[Event "Elit(LASK-Rockaden,Sthlm)"]
[Site "?"]
[Date "2016.03.18"]
[Round "7"]
[White "Nielsen, Peter Heine"]
[Black "Ahlander, Bjorn"]
[Result "1-0"]
[WhiteElo "2649"]
[BlackElo "2416"]
[PlyCount "121"]

1. d4 Nf6 2. c4 e6 3. Nf3 d5 4. Nc3 Be7 5. Bf4 O-O 6. e3 b6 7. Bd3 Bb7 8. cxd5
exd5 9. Ne5 c5 10. Qf3 cxd4 11. exd4 Nc6 12. Nxc6 Bxc6 13. O-O Qd7 14. Rfe1
Rfe8 15. Be5 Qg4 16. Qe3 Bd6 17. h3 Qd7 18. Qg5 h6 19. Qf4 Rad8 20. Bf5 Qe7 21.
Rad1 b5 22. Bd3 a6 23. Rc1 Bb7 24. Re3 Bxe5 25. Rxe5 Qb4 26. Rxe8+ Rxe8 27. Qd2
Qd6 28. Ne2 b4 29. Qc2 Kf8 30. Qc5 Rd8 31. Qa5 Rc8 32. Rc5 b3 33. axb3 Re8 34.
Rc7 Re7 35. Rc1 g6 36. Qa3 Rd7 37. Nc3 Kg7 38. Qxd6 Rxd6 39. Ra1 Rb6 40. Bc2
Bc6 41. Ra5 Kf8 42. Kf1 Ke7 43. Ke2 h5 44. h4 Bb7 45. Na4 Rb4 46. Nc5 Bc8 47.
Ra4 Rb6 48. Bd3 Nd7 49. b4 Nb8 50. Kd2 Rf6 51. f3 Rf4 52. b5 axb5 53. Ra8 Nc6
54. Rxc8 Nxd4 55. Ke3 Rxh4 56. g3 Rh2 57. Kxd4 Rxb2 58. Kxd5 Rg2 59. Bxb5 f5
60. Ke5 Rxg3 61. Rc7+ 1-0

[Event "Elit(LASK-Rockaden,Sthlm)"]
[Site "?"]
[Date "2016.03.18"]
[Round "7"]
[White "Tikkanen, Hans"]
[Black "Barkhagen, Jonas"]
[Result "1/2-1/2"]
[WhiteElo "2511"]
[BlackElo "2435"]
[PlyCount "58"]

1. e4 e6 2. d4 d5 3. Nc3 dxe4 4. Nxe4 Bd7 5. Nf3 Bc6 6. Bd3 Nd7 7. O-O Ngf6 8.
Ng3 Be7 9. b3 O-O 10. Bb2 Bxf3 11. Qxf3 c6 12. c4 Qa5 13. a3 Rfe8 14. Rfe1 Nf8
15. Re5 Qb6 16. h4 N6d7 17. Re4 Qxb3 18. Rb1 Qa4 19. d5 Bf6 20. Bxf6 Nxf6 21.
Rf4 N8d7 22. Rxb7 Ne5 23. Qe2 Qa6 24. dxc6 Qxc6 25. Rb5 Nxd3 26. Qxd3 Red8 27.
Rd4 Rxd4 28. Qxd4 h6 29. Nf1 Qc7 1/2-1/2

[Event "Elit(LASK-Rockaden,Sthlm)"]
[Site "?"]
[Date "2016.03.18"]
[Round "7"]
[White "Karlsson, Lars"]
[Black "Semcesen, Daniel"]
[Result "1/2-1/2"]
[WhiteElo "2457"]
[BlackElo "2432"]
[PlyCount "67"]

1. b3 d5 2. Bb2 Nf6 3. e3 Bf5 4. f4 e6 5. Nf3 Nbd7 6. Nc3 c6 7. Ne2 h6 8. Ng3
Bh7 9. Bd3 Bxd3 10. cxd3 Bd6 11. Ne5 Bxe5 12. fxe5 Nh7 13. O-O O-O 14. Rf4 Qe7
15. Qe2 f6 16. exf6 Nhxf6 17. Raf1 Rf7 18. b4 Raf8 19. a3 a6 20. Rc1 Ne8 21.
Rxf7 Rxf7 22. Qg4 Kh7 23. Bd4 Nd6 24. Rf1 Rxf1+ 25. Kxf1 Nb5 26. Bb2 Nd6 27.
Ke2 e5 28. Nf5 Nxf5 29. Qxf5+ Kg8 30. Qg6 Nf8 31. Qg3 Nd7 32. Qg6 Nf8 33. Qg3
Nd7 34. Qg6 1/2-1/2

[Event "Elit(LASK-Rockaden,Sthlm)"]
[Site "?"]
[Date "2016.03.18"]
[Round "7"]
[White "Mauritsson, Sebastian"]
[Black "Bator, Robert"]
[Result "1/2-1/2"]
[WhiteElo "2307"]
[BlackElo "2427"]
[PlyCount "63"]

1. e4 c5 2. Nf3 Nc6 3. d4 cxd4 4. Nxd4 e5 5. Nb5 d6 6. N1c3 a6 7. Na3 Be7 8.
Nc4 b5 9. Ne3 Nf6 10. Bd3 Nb4 11. Be2 O-O 12. O-O Be6 13. a3 Nc6 14. Bd3 Ne8
15. Ncd5 Bg5 16. c3 Ne7 17. Bc2 Nxd5 18. Nxd5 Bxc1 19. Rxc1 Nc7 20. Bb3 Rb8 21.
Qd3 a5 22. Nxc7 Qxc7 23. Bd5 Rfc8 24. b4 axb4 25. axb4 Rb6 26. Rfd1 Bxd5 27.
Qxd5 Qc4 28. f3 h6 29. Kf2 Qc7 30. Qd3 Qb8 31. Ra1 Rbc6 32. Ra3 1/2-1/2

[Event "Elit(LASK-Rockaden,Sthlm)"]
[Site "?"]
[Date "2016.03.18"]
[Round "7"]
[White "Engqvist, Thomas"]
[Black "Dragicevic, Drazen"]
[Result "1-0"]
[WhiteElo "2358"]
[BlackElo "2309"]
[PlyCount "97"]

1. d4 Nf6 2. Nf3 e6 3. c4 b6 4. g3 Ba6 5. b3 Bb4+ 6. Bd2 Be7 7. Bg2 d5 8. Ne5
O-O 9. O-O Bb7 10. Nc3 Nbd7 11. Bf4 c5 12. Rc1 Rc8 13. cxd5 Nxe5 14. d6 Bxg2
15. dxe7 Qxe7 16. dxe5 Bxf1 17. exf6 Qxf6 18. Qxf1 Rfd8 19. e4 Qd4 20. Qa6 Qb4
21. Bd6 Qd4 22. e5 Qd2 23. Qf1 Rd7 24. a4 f6 25. f4 fxe5 26. fxe5 c4 27. b4 Rf7
28. Qe1 Qd4+ 29. Kg2 Qd3 30. Qe2 h6 31. Rc2 Rf3 32. Qxd3 Rxd3 33. b5 a6 34.
bxa6 Ra8 35. Nb5 Rxa6 36. Rxc4 Rd2+ 37. Kf3 Ra2 38. Rc8+ Kh7 39. Nd4 R6xa4 40.
Nxe6 Rb2 41. Nf8+ Kg8 42. e6 Rb3+ 43. Kg2 g5 44. Nd7+ Kg7 45. Be5+ Kg6 46. e7
Ra2+ 47. Kh3 g4+ 48. Kxg4 h5+ 49. Kh3 1-0

[Event "Elit(LASK-Rockaden,Sthlm)"]
[Site "?"]
[Date "2016.03.18"]
[Round "7"]
[White "Szumniak, Jedrzej"]
[Black "Kenneskog, Theodor"]
[Result "0-1"]
[WhiteElo "2059"]
[BlackElo "2352"]
[PlyCount "58"]

1. d4 Nf6 2. c4 g6 3. Nc3 d5 4. cxd5 Nxd5 5. Na4 Bg7 6. e4 Nb6 7. Be3 O-O 8.
Nf3 Bg4 9. Be2 Bxf3 10. Bxf3 Nc6 11. d5 Ne5 12. Be2 Qd6 13. Bc5 Qd7 14. Nxb6
axb6 15. Bd4 Ra4 16. Kf1 c5 17. Bxe5 Bxe5 18. Qc2 Rb4 19. Rb1 Qa4 20. b3 Qa3
21. g3 Ra8 22. Kg2 Qxa2 23. Qd3 Ra3 24. Rhe1 Raxb3 25. Rxb3 Rxb3 26. Qc4 Bd4
27. Kf1 b5 28. Qc1 Rf3 29. Qd1 Rxf2+ 0-1

[Event "Elit(Eksjo-Kungstornet)"]
[Site "?"]
[Date "2016.03.19"]
[Round "8"]
[White "Cicak, Slavko"]
[Black "Grandelius, Nils"]
[Result "0-1"]
[WhiteElo "2509"]
[BlackElo "2635"]
[PlyCount "58"]

1. c4 e6 2. Nf3 d5 3. e3 Nf6 4. b3 b6 5. Bb2 Bb7 6. cxd5 exd5 7. Bb5+ c6 8. Be2
Bd6 9. d3 O-O 10. O-O Re8 11. Nbd2 c5 12. d4 Nc6 13. Nb1 Rc8 14. dxc5 bxc5 15.
Nc3 d4 16. Nb5 Bb8 17. exd4 a6 18. Na3 Nxd4 19. Nxd4 cxd4 20. Bf3 Bxf3 21. Qxf3
Ne4 22. Nc4 Rc6 23. g3 Rf6 24. Qg2 Ba7 25. Rad1 Rxf2 26. Rxf2 d3 27. Kf1 Nxf2
28. Rd2 Qe7 29. Be5 Ng4 0-1

[Event "Elit(Eksjo-Kungstornet)"]
[Site "?"]
[Date "2016.03.19"]
[Round "8"]
[White "Gdanski, Jacek"]
[Black "Aronsson, Marten"]
[Result "1-0"]
[WhiteElo "2488"]
[BlackElo "2295"]
[PlyCount "107"]

1. e4 e5 2. Nf3 Nc6 3. Bb5 Nf6 4. O-O Nxe4 5. d4 Nd6 6. Bxc6 dxc6 7. dxe5 Nf5
8. Qxd8+ Kxd8 9. h3 Be7 10. Nc3 Bd7 11. Bg5 h6 12. Bxe7+ Nxe7 13. Rad1 Kc8 14.
Rfe1 c5 15. Nd5 Nxd5 16. Rxd5 b6 17. Rd2 Re8 18. Nh2 Be6 19. a3 Kb7 20. f4 Rad8
21. Red1 Rxd2 22. Rxd2 Kc6 23. Kf2 a5 24. g4 g6 25. Nf1 h5 26. gxh5 gxh5 27. h4
f6 28. exf6 Rf8 29. Ne3 Rxf6 30. Kf3 Rf8 31. Rg2 Bf7 32. Rg7 Kd6 33. Rh7 Ke7
34. Nc4 Kf6 35. Ne5 Bd5+ 36. Ke3 Rg8 37. Rh6+ Ke7 38. f5 Rg1 39. f6+ Ke6 40.
f7+ Ke7 41. Rf6 Kxf6 42. f8=Q+ Kxe5 43. Qe7+ Kf5 44. Qh7+ Kf6 45. Qxc7 Re1+ 46.
Kd2 Re6 47. Qd8+ Ke5 48. Qg5+ Ke4 49. Qxh5 Rf6 50. Qg5 Rf2+ 51. Ke1 Rf5 52.
Qg4+ Ke5 53. h5 Bf3 54. Qg3+ 1-0

[Event "Elit(Eksjo-Kungstornet)"]
[Site "?"]
[Date "2016.03.19"]
[Round "8"]
[White "von Bahr, Oskar"]
[Black "Bejtovic, Jasmin"]
[Result "1/2-1/2"]
[WhiteElo "2379"]
[BlackElo "2365"]
[PlyCount "70"]

1. c4 g6 2. g3 Bg7 3. Bg2 e5 4. Nc3 f5 5. d3 Nf6 6. e4 d6 7. Nge2 O-O 8. O-O c6
9. h3 a6 10. exf5 gxf5 11. f4 Qb6+ 12. Kh2 Be6 13. Rb1 a5 14. Na4 Qc7 15. Be3
Nbd7 16. a3 Rae8 17. b4 axb4 18. axb4 exf4 19. Bxf4 Nh5 20. b5 Ne5 21. bxc6
bxc6 22. c5 d5 23. d4 Nxf4 24. Nxf4 Ng6 25. Nc3 Nxf4 26. gxf4 Bf7 27. Qd2 Rb8
28. Ne2 Rxb1 29. Rxb1 Rb8 30. Rxb8+ Qxb8 31. Ng1 Bh6 32. Kg3 Qb3+ 33. Kf2 Qb8
34. Kg3 Qb3+ 35. Kf2 Qb8 1/2-1/2

[Event "Elit(Eksjo-Kungstornet)"]
[Site "?"]
[Date "2016.03.19"]
[Round "8"]
[White "Rasmussen, Allan Stig"]
[Black "Lyrberg, Patrik"]
[Result "1-0"]
[WhiteElo "2489"]
[BlackElo "2477"]
[PlyCount "57"]

1. e4 e6 2. d4 d5 3. Nd2 dxe4 4. Nxe4 Bd7 5. Nf3 Bc6 6. Bd3 Nd7 7. c3 Bxe4 8.
Bxe4 c6 9. Bf4 Ngf6 10. Bc2 Qb6 11. Rb1 Nd5 12. Bg3 Qa6 13. a4 c5 14. Bd3 c4
15. Be2 Rc8 16. Nd2 N7b6 17. Ra1 Qa5 18. O-O Be7 19. Qb1 h5 20. h3 h4 21. Bh2
g5 22. Qa2 g4 23. Bxg4 Rg8 24. Rfe1 Kf8 25. Bf3 Rc6 26. Kh1 Bg5 27. Ne4 Nf4 28.
Nxg5 Qxg5 29. Qa3+ 1-0

[Event "Elit(Eksjo-Kungstornet)"]
[Site "?"]
[Date "2016.03.19"]
[Round "8"]
[White "Backlund, Anders"]
[Black "Carlsson, Pontus"]
[Result "0-1"]
[WhiteElo "2269"]
[BlackElo "2430"]
[PlyCount "96"]

1. c4 e5 2. g3 c6 3. d4 e4 4. Nc3 d5 5. cxd5 cxd5 6. Qb3 Nc6 7. e3 Nf6 8. Bd2
Be7 9. f3 exf3 10. Nxf3 O-O 11. Bg2 Na5 12. Qc2 h6 13. O-O Be6 14. Ne5 Nc6 15.
Nd3 Nb4 16. Nxb4 Bxb4 17. Na4 Rc8 18. Qd3 Be7 19. Nc5 Bxc5 20. dxc5 Ne4 21. b4
b6 22. cxb6 Qxb6 23. Rac1 Rfd8 24. a3 Rc4 25. Bc3 Nxc3 26. Rxc3 d4 27. Rxc4
dxe3 28. Qxd8+ Qxd8 29. Rcc1 e2 30. Rfe1 Qd4+ 31. Kh1 Qf2 32. h3 Qxg3 33. Rxe2
Bxh3 34. a4 Bxg2+ 35. Rxg2 Qh4+ 36. Kg1 Qxb4 37. Rc8+ Kh7 38. Rcc2 Qe1+ 39. Kh2
Qh4+ 40. Kg1 Qxa4 41. Ra2 Qd4+ 42. Kh1 a5 43. Rad2 Qh4+ 44. Kg1 Qe1+ 45. Kh2
Qe5+ 46. Kg1 a4 47. Rde2 Qd4+ 48. Kh1 g5 0-1

[Event "Elit(Eksjo-Kungstornet)"]
[Site "?"]
[Date "2016.03.19"]
[Round "8"]
[White "Thornert, Hakan"]
[Black "Henriksson, Johan"]
[Result "1-0"]
[WhiteElo "2234"]
[BlackElo "2286"]
[PlyCount "59"]

1. e4 c6 2. d4 d5 3. e5 Bf5 4. Nc3 h5 5. Be3 e6 6. Be2 h4 7. h3 Nd7 8. Nf3 a6
9. O-O c5 10. Qd2 c4 11. Bg5 Be7 12. b3 b5 13. bxc4 bxc4 14. Rab1 Bxg5 15. Nxg5
f6 16. exf6 gxf6 17. Nf3 Qc7 18. Nh2 Ne7 19. Rfe1 Kf7 20. Ng4 Bxg4 21. Bxg4 f5
22. Qe2 Nf8 23. Bh5+ Kg7 24. Na4 Rh6 25. Nc5 Ra7 26. Be8 Qd8 27. Qe5+ Rf6 28.
Rb8 Qa5 29. Reb1 Nh7 30. Nxe6+ 1-0

[Event "Elit(Eksjo-Kungstornet)"]
[Site "?"]
[Date "2016.03.19"]
[Round "8"]
[White "Glimbrant, Torbjorn"]
[Black "Vernersson, Per"]
[Result "1/2-1/2"]
[WhiteElo "2192"]
[BlackElo "2315"]
[PlyCount "132"]

1. d4 d5 2. c4 dxc4 3. Nf3 Nf6 4. e3 e6 5. Bxc4 c5 6. O-O a6 7. dxc5 Bxc5 8.
Qxd8+ Kxd8 9. a3 Ke7 10. b4 Bd6 11. Bb2 b5 12. Be2 Bb7 13. Nbd2 Nbd7 14. Rfc1
Rhc8 15. h3 h6 16. Nd4 g6 17. Bf3 Bxf3 18. N2xf3 e5 19. Nb3 Nd5 20. Rxc8 Rxc8
21. Rc1 Rxc1+ 22. Bxc1 e4 23. Nfd2 f5 24. Bb2 Ne5 25. Bxe5 Bxe5 26. Nc5 Bb2 27.
Nb1 Nc7 28. Kf1 Kd6 29. Ke2 Kc6 30. Nb3 Nd5 31. Kd2 Bf6 32. f3 exf3 33. gxf3
Nb6 34. Kd3 Nc4 35. Nd4+ Kd6 36. Nb3 Bb2 37. Nc5 Nxa3 38. Nxa3 Bxa3 39. Nxa6
Kc6 40. Kc3 Bc1 41. Kd3 g5 42. Nc5 Kd5 43. e4+ fxe4+ 44. fxe4+ Kd6 45. Ke2 Bb2
46. Nd3 Be5 47. Kf3 h5 48. Nc5 Bc3 49. Nd3 Ke6 50. Kg3 Be5+ 51. Kf3 Bd6 52. Kg2
g4 53. hxg4 hxg4 54. Kf2 Kf6 55. Kg2 Kg5 56. Kf2 Kh4 57. Kg2 g3 58. e5 Be7 59.
e6 Kg4 60. Ne5+ Kf5 61. Nc6 Kxe6 62. Kxg3 Bd6+ 63. Kf3 Kd5 64. Na7 Kc4 65. Ke4
Bxb4 66. Nxb5 Kxb5 1/2-1/2

[Event "Elit(Eksjo-Kungstornet)"]
[Site "?"]
[Date "2016.03.19"]
[Round "8"]
[White "Gustafsson, Fredrik"]
[Black "Larsson, Anders"]
[Result "0-1"]
[WhiteElo "2205"]
[BlackElo "2221"]
[PlyCount "96"]

1. e4 d5 2. exd5 Qxd5 3. Nc3 Qd6 4. d4 c6 5. Be3 Nf6 6. Qd2 Bf5 7. Nf3 e6 8.
Ne5 Qd8 9. Bd3 Bxd3 10. Qxd3 Nbd7 11. f4 Be7 12. O-O O-O 13. Ne4 Nxe4 14. Qxe4
Nf6 15. Qd3 Qd5 16. f5 Rad8 17. fxe6 Qxe6 18. Qf5 Qxf5 19. Rxf5 Nd5 20. Bf2 f6
21. Nd3 Rd7 22. c3 Rfd8 23. Re1 Bf8 24. Nf4 Nc7 25. Nd3 Re7 26. Rxe7 Bxe7 27.
Rf4 Ne6 28. Re4 Kf7 29. Kf1 Bd6 30. h3 Bc7 31. Re3 Rd5 32. Bg3 Bb6 33. Ke2 h5
34. Rxe6 Kxe6 35. Nf4+ Kf5 36. Nxd5 cxd5 37. Kf3 g5 38. Bd6 Ke6 39. Bg3 Bd8 40.
Ke3 a6 41. a4 f5 42. Be5 f4+ 43. Kd3 Bf6 44. Bxf6 Kxf6 45. b3 b5 46. axb5 axb5
47. c4 dxc4+ 48. bxc4 b4 0-1

[Event "Elit(Burgsvik-LASK)"]
[Site "?"]
[Date "2016.03.19"]
[Round "8"]
[White "Semcesen, Daniel"]
[Black "Krupenski, Juri"]
[Result "1/2-1/2"]
[WhiteElo "2432"]
[BlackElo "2406"]
[PlyCount "29"]

1. d4 Nf6 2. c4 e6 3. Nc3 Bb4 4. Qc2 c5 5. dxc5 O-O 6. Nf3 Na6 7. a3 Bxc3+ 8.
Qxc3 Nxc5 9. e3 b6 10. Be2 Ba6 11. b4 Nce4 12. Qb3 d5 13. b5 dxc4 14. Bxc4 Bb7
15. O-O 1/2-1/2

[Event "Elit(Burgsvik-LASK)"]
[Site "?"]
[Date "2016.03.19"]
[Round "8"]
[White "Persson, Mats"]
[Black "Ahlander, Bjorn"]
[Result "1-0"]
[WhiteElo "2259"]
[BlackElo "2416"]
[PlyCount "77"]

1. e4 e5 2. Nf3 Nc6 3. d4 exd4 4. Bc4 Nf6 5. O-O Nxe4 6. Re1 d5 7. Bxd5 Qxd5 8.
Nc3 Qh5 9. Nxe4 Be6 10. Bg5 h6 11. Bf6 Qg6 12. Nh4 Qh7 13. Qh5 Kd7 14. Rad1 Re8
15. Bxd4 Kc8 16. c3 Rd8 17. Bc5 Rxd1 18. Qxd1 b6 19. Qa4 Bd5 20. Qa6+ Kd7 21.
Qd3 Ne7 22. Bxe7 Kc6 23. Bxf8 Rxf8 24. c4 Be6 25. Nf3 Qg8 26. Nd4+ Kb7 27. Nxe6
fxe6 28. Rd1 Qf7 29. Qd7 Qh5 30. f3 Qe5 31. Qd4 Qf4 32. Nc3 Qf7 33. c5 Qe7 34.
c6+ Kb8 35. Ne4 Rc8 36. h3 g5 37. Qc4 Rd8 38. Qa6 Rxd1+ 39. Kh2 1-0

[Event "Elit(Burgsvik-LASK)"]
[Site "?"]
[Date "2016.03.19"]
[Round "8"]
[White "Smith, Axel"]
[Black "Larsson, Victor"]
[Result "1-0"]
[WhiteElo "2491"]
[BlackElo "2207"]
[PlyCount "63"]

1. Nf3 d5 2. e3 Nf6 3. c4 e6 4. b3 Be7 5. Bb2 O-O 6. Nc3 a5 7. d4 Na6 8. Bd3 c6
9. O-O Nc7 10. Qe2 Rb8 11. Rfd1 Bd7 12. e4 dxe4 13. Nxe4 Nce8 14. Ne5 Nxe4 15.
Bxe4 Nf6 16. Bf3 Be8 17. Rd3 a4 18. Bc3 Qc7 19. bxa4 b5 20. Rb1 bxc4 21. Rdd1
Nd5 22. Qxc4 Rxb1 23. Rxb1 Nxc3 24. Qxc3 c5 25. a5 f6 26. Nd3 Bc6 27. Bxc6 Qxc6
28. Nxc5 Rc8 29. Qc4 Bxc5 30. dxc5 Qd5 31. Qxd5 exd5 32. a6 1-0

[Event "Elit(Burgsvik-LASK)"]
[Site "?"]
[Date "2016.03.19"]
[Round "8"]
[White "Nygren, Kim"]
[Black "Hansson, Fredrik"]
[Result "0-1"]
[WhiteElo "2274"]
[BlackElo "2102"]
[PlyCount "70"]

1. e4 e5 2. Nf3 Nc6 3. Bb5 a6 4. Ba4 Nf6 5. O-O Be7 6. Re1 b5 7. Bb3 O-O 8. c3
d6 9. h3 Na5 10. Bc2 c5 11. d4 Qc7 12. d5 c4 13. Nbd2 Nb7 14. Nf1 Nc5 15. Ng3
h6 16. Be3 Bd7 17. Qd2 Kh7 18. Nh4 Rfe8 19. f4 Ng4 20. Nhf5 Nxe3 21. Qxe3 Bf6
22. Nh5 Bxf5 23. Nxf6+ gxf6 24. exf5 Re7 25. Qg3 Rae8 26. Rf1 Nd7 27. Rad1 Qc5+
28. Kh2 exf4 29. Rxf4 Re2 30. Rdd4 R8e3 31. Rf3 Rxf3 32. Qxf3 Rxc2 33. Qd1 Rxb2
34. Kg3 Ne5 35. Kh4 Rxg2 0-1

[Event "Elit(Burgsvik-LASK)"]
[Site "?"]
[Date "2016.03.19"]
[Round "8"]
[White "Dragicevic, Drazen"]
[Black "Packalen, Marcus"]
[Result "1-0"]
[WhiteElo "2309"]
[BlackElo "2171"]
[PlyCount "101"]

1. Nf3 d6 2. d4 Nf6 3. g3 g6 4. Bg2 Bg7 5. c4 O-O 6. Nc3 Nbd7 7. O-O e5 8. e4
c6 9. d5 cxd5 10. cxd5 b5 11. b4 Nb6 12. Nd2 Bd7 13. Nb3 Rc8 14. Qd3 Rc4 15. a3
Qc7 16. Bd2 Rc8 17. Rfc1 a6 18. Na5 Rd4 19. Qe2 Nc4 20. Nxc4 Rxc4 21. Qe1 Bh6
22. Bxh6 Rxc3 23. Bd2 Rc2 24. Bf1 Qb7 25. Bd3 Rxc1 26. Rxc1 Rxc1 27. Bxc1 Kg7
28. Kg2 Qc8 29. f3 Ne8 30. Qd2 Kg8 31. Qc2 Qxc2+ 32. Bxc2 Kg7 33. f4 f6 34. Kf3
h6 35. Be3 g5 36. Bb6 Kf7 37. Bd8 Ng7 38. Bd1 gxf4 39. gxf4 Nh5 40. fxe5 fxe5
41. Bc7 Nf6 42. Bc2 Ke7 43. Bb6 Kf7 44. Be3 Kg6 45. Kg3 Nh5+ 46. Kh4 Nf6 47.
Bb6 Kf7 48. Bd3 Be8 49. Be3 Kg6 50. Bb6 Kf7 51. Be3 1-0

[Event "Elit(Burgsvik-LASK)"]
[Site "?"]
[Date "2016.03.19"]
[Round "8"]
[White "Akerman, Axel"]
[Black "Mauritsson, Sebastian"]
[Result "0-1"]
[WhiteElo "2090"]
[BlackElo "2307"]
[PlyCount "114"]

1. e4 c5 2. Nc3 a6 3. Nge2 Nf6 4. d4 cxd4 5. Nxd4 e5 6. Nf3 Bb4 7. Bc4 d6 8.
O-O Qc7 9. Qd3 Bxc3 10. Qxc3 O-O 11. Qd3 b5 12. Bb3 Bb7 13. Ng5 h6 14. Nxf7
Rxf7 15. Bxf7+ Kxf7 16. f3 Nbd7 17. Be3 d5 18. g4 Kg8 19. exd5 Bxd5 20. Rf2 e4
21. fxe4 Bxe4 22. Qd4 Bb7 23. Rd1 Re8 24. Qf4 Qc6 25. Kf1 Re4 26. Qf3 Qc4+ 27.
Rd3 Nxg4 28. b3 Qe6 29. Re2 Nge5 30. Qg3 Nxd3 31. cxd3 Re5 32. Bd4 Qf7+ 33. Rf2
Rf5 34. Rxf5 Qxf5+ 35. Ke1 Qg5 36. Qc7 Qd5 37. Qf4 Nf8 38. Qg4 Qe6+ 39. Qe2 Bf3
40. Qe5 Qxe5+ 41. Bxe5 Nd7 42. Bd4 Kf7 43. Kf2 Bc6 44. h3 g5 45. Kg3 Kg6 46.
Be3 Ne5 47. d4 Nd3 48. h4 Kf5 49. Bd2 Bd5 50. hxg5 hxg5 51. Be3 Nb4 52. a4 Bxb3
53. axb5 axb5 54. Kf3 Bd1+ 55. Kf2 Nd3+ 56. Kg3 g4 57. Bd2 Ke4 0-1